| 000 | 00487nam a22001457a 4500 | ||
|---|---|---|---|
| 008 | 230420b |||||||| |||| 00| 0 eng d | ||
| 040 |
_aNational Science Library _cNational Science Library |
||
| 080 |
_a5/6.001.5 _bK2.1 |
||
| 245 |
_aD.S.I.R. universities and colleges 1956-60 _c/ Department of scientific and industrial research |
||
| 260 |
_aLondon: _bHer Majesty's Stationery Office, _c1962 |
||
| 300 | _a232p. | ||
| 650 | _aAdminstration | ||
| 653 | _aResearch | ||
| 942 |
_2udc _cREP |
||
| 999 |
_c21376 _d21376 |
||